Điện động lực học

Nghiên cứu các hiện tượng điện từ điện động lực học vĩ mô: phương trình Macxuen, tĩnh điện trường, từ trường dừng... Lý thuyết về các hiện tượng điện tử thuyết êlectrôn

Đã lưu trong:
書目詳細資料
主要作者: Đào Văn Phúc
格式: 圖書
語言:Vietnamese
出版: H. Giáo dục 1978
版:In lần 2
叢編:Sách đại học sư phạm
主題:
標簽: 添加標簽
沒有標簽, 成為第一個標記此記錄!
Thư viện lưu trữ: Mạng thư viện Đại học Đà Nẵng
LEADER 01271nam a2200337 4500
001 000013209
003 9548
005 20120312090326.0
008 120312s1978 viesd
041 0 |a vie 
082 |a 537.6  |b ĐA-P 
100 0 |a Đào Văn Phúc 
245 0 |a Điện động lực học  |c Đào Văn Phúc 
250 |a In lần 2 
260 |a H.  |b Giáo dục  |c 1978 
300 |a 288tr.  |c 24cm 
490 |a Sách đại học sư phạm 
520 |a Nghiên cứu các hiện tượng điện từ điện động lực học vĩ mô: phương trình Macxuen, tĩnh điện trường, từ trường dừng... Lý thuyết về các hiện tượng điện tử thuyết êlectrôn 
653 |a Vật lý lý thuyết 
653 |a giáo trình 
653 |a điện động lực học 
OWN |a LSP 
AVA |a UDN50  |b LSP  |d 537.6 ĐA-P  |e available  |t Error 5001 Not defined in file expand_doc_bib_avail.  |f 3  |g 0  |h N  |i 0  |k 1 
999 |a From the UDN01 
AVA |a UDN50  |b LSP  |d 537.6 ĐA-P  |e available  |t Error 5001 Not defined in file expand_doc_bib_avail.  |f 3  |g 0  |h N  |i 0  |k 1 
TYP |a Monograph 
TYP |a Printed language 
980 |a Mạng thư viện Đại học Đà Nẵng